000 00705nam a22002177a 4500
003 BD-DhJNU
005 20250422062354.0
008 250422b |||||||| |||| 00| 0 eng d
020 _a9780513214
040 _aBD-DhJNU
_bENG
_cBD-DhJNU
_dBD-DhJNU
082 _223
_a303.482095492 KOB
100 _aKotalova, Jitka
245 _aBelonging to others :
_bcultural constraction of womenhood in village in Bangladesh /
_cJitka Kotalova
260 _aDhaka :
_bThe University Press,
_c1996.
300 _a252p. :
_bill. ;
_c25 cm.
504 _aIncludes bibliographies
650 _aSocial Classes Culture
650 _aSociocultural Change Womens Right
650 _aSocial Science
942 _2ddc
_cBK
_n0
999 _c1603
_d1603